| 000 | 00709nam a2200277Ia 4500 | ||
|---|---|---|---|
| 005 | 20260320195838.0 | ||
| 008 | 008 262003s9999 xx 000 0 hin d | ||
| 020 | _a9789390971275 | ||
| 037 | _aEBOOK | ||
| 040 | _aCRL | ||
| 040 | _bhin | ||
| 040 | _cCRL | ||
| 041 | _2hin | ||
| 041 | _ahin | ||
| 084 | _qCRL | ||
| 100 |
_aविनोद कापड़ी _91133296 |
||
| 245 | 0 | _a1232 कि.मी. : कोरोना काल में एक असम्भव सफ़र | |
| 250 | _a2nd | ||
| 260 | _bRajkamal | ||
| 260 | _c2021 | ||
| 300 | _a191 | ||
| 856 | _uhttps://ebook.indiaread.in/pdfs/1232km.pdf | ||
| 942 | _cEBOOK | ||
| 999 |
_c1716819 _d1716819 |
||